|
|
|
|
| LEADER |
00000nam0a2200000 4500 |
| 001 |
250669 |
| 005 |
20231101232603.0 |
| 010 |
|
|
|a 5319002033
|
| 035 |
|
|
|a (RuTPU)RU\TPU\book\272887
|
| 090 |
|
|
|a 250669
|
| 100 |
|
|
|a 20140215d1989 m y0rusy50 ca
|
| 101 |
0 |
|
|a rus
|
| 102 |
|
|
|a UA
|
| 105 |
|
|
|a ac z 000zd
|
| 200 |
1 |
|
|a Чекисты стояли насмерть
|f Г. А. Куманев, А. С. Чайковский
|
| 205 |
|
|
|a 2-е изд., испр. и доп.
|
| 210 |
|
|
|a Киев
|c Политиздат Украины
|d 1989
|
| 215 |
|
|
|a 239 с.
|c ил.
|
| 606 |
1 |
|
|a Чекисты в Великой Отечественной войне 1941-1945
|2 stltpush
|3 (RuTPU)RU\TPU\subj\66647
|9 82698
|
| 610 |
1 |
|
|a Великая Отечественная война 1941-1945
|
| 610 |
1 |
|
|a военные действия
|
| 610 |
1 |
|
|a НКВД
|
| 610 |
1 |
|
|a пограничные войска
|
| 610 |
1 |
|
|a диверсии
|
| 610 |
1 |
|
|a история
|
| 610 |
1 |
|
|a 20 век
|
| 686 |
|
|
|a Т3(2)622-35:Ц2
|v LBC/SL-A
|2 rubbk
|
| 700 |
|
1 |
|a Куманев
|b Г. А.
|g Георгий Александрович
|
| 701 |
|
1 |
|a Чайковский
|b А. С.
|g Анатолий Степанович
|
| 801 |
|
1 |
|a RU
|b 63413507
|c 20140215
|
| 801 |
|
2 |
|a RU
|b 63413507
|c 20191216
|g RCR
|
| 942 |
|
|
|c BK
|